000 00448nam a22001697a 4500
003 NUST - PNEC
005 20170116181125.0
008 151004b xxu||||| |||| 00| 0 eng d
020 _a3527266518
040 _cLIBRARY
082 _a620.11223 BEH
100 _913518
_aBehrens, Dieter
245 _aDECHEMA corrosion handbook Vol 2
_cBehrens, Dieter
260 _c1988
650 _96979
_aCorrosion and anti-corrosives
_xME
942 _2ddc
_cBK
999 _c69698
_d69698